| 000 | 00930nab a22002177a 4500 | ||
|---|---|---|---|
| 007 | ta | ||
| 008 | 240621e20240502xxk||||o |||| 00| 0 eng d | ||
| 041 | _aeng | ||
| 100 | _aDefoe, Peter | ||
| 110 |
_94900 _aRoyal Institution of Chartered Surveyors |
||
| 245 |
_aUnderstanding rights of light for the APC _c[electronic resource] |
||
| 260 |
_bRoyal Institution of Chartered Surveyors, _c2 May 2024 |
||
| 490 |
_aRICS Land Journal, _v2 May 2024 |
||
| 520 | _aAPC candidates face particular issues if they want to specialise in rights of light. So how should they write their submissions, choose appropriate case studies and prepare for final assessment? | ||
| 650 | _aAPC | ||
| 650 | _aRIGHTS OF LIGHT | ||
| 651 | _aUnited Kingdom | ||
| 690 |
_aRights of light _96267 |
||
| 700 | _aDefoe, Peter | ||
| 856 |
_uhttps://ww3.rics.org/uk/en/journals/land-journal/apc-rights-of-light-how-to-pass.html _zAvailable from RICS journals |
||
| 999 |
_c121957 _d121957 |
||